Stavebno-technologický projekt pre stavbu: Obytný súbor Rínok Rača
Saved in:
| Main Author: | |
|---|---|
| Other Authors: | |
| Format: | Manuscript Book |
| Language: | Slovak |
| Published: |
2024
|
| Subjects: | |
| Online Access: | http://is.stuba.sk/zp/portal_zp.pl?podrobnosti=176068 https://opac.crzp.sk/?fn=detailBiblioForm&sid=9A7D98113A4E7D6F03AF74A0EB46 |
| Tags: |
No Tags, Be the first to tag this record!
|
MARC
| LEADER | 00000ntm a22000003a 4500 | ||
|---|---|---|---|
| 001 | stuzp99586 | ||
| 003 | SK-STU | ||
| 005 | 20240930100908.2 | ||
| 007 | ta | ||
| 008 | 150427s2015----xo-----f-mn---000-0-slo-d | ||
| 040 | |a STU |b slo | ||
| 041 | 0 | |a slo | |
| 100 | 1 | |a Tóthová, Mária |u 010270 |4 aut |U SvF Stavebná fakulta |T SvF Katedra technológie stavieb |X 93373 |U V270 |Y 28 |7 93373 | |
| 242 | 0 | 1 | |a Construction - Technological Project - Residential complex Rínok Rača |y eng |
| 245 | 1 | 0 | |a Stavebno-technologický projekt pre stavbu: Obytný súbor Rínok Rača |
| 260 | |c 2024 | ||
| 650 | 4 | |a polyfunkčné bytové domy |2 slo | |
| 650 | 4 | |a zariadenie staveniska |2 slo | |
| 650 | 4 | |a pojazdná strecha |2 slo | |
| 650 | 4 | |a multifunctional apartment buildings |2 eng | |
| 650 | 4 | |a site equipment project |2 eng | |
| 650 | 4 | |a mobile roof |2 eng | |
| 700 | 1 | |a Ďubek, Marek |u 010270 |k Z1 |4 ths |U SvF Stavebná fakulta |T SvF Katedra technológie stavieb |X 20818 |U V270 |Y 28 |7 A000020818 | |
| 856 | 4 | |u http://is.stuba.sk/zp/portal_zp.pl?podrobnosti=176068 | |
| 856 | 4 | |u https://opac.crzp.sk/?fn=detailBiblioForm&sid=9A7D98113A4E7D6F03AF74A0EB46 | |